An introduction to mechanical engineering

AN INTRODUCTION TO MECHANICAL ENGINEERING introduces students to the ever-emerging field of mechanical engineering, giving an appreciation for how engineers design the hardware that builds and improves societies all around the world. Intended for students in their first or second year of a typical c...

Description complète

Enregistré dans:
Détails bibliographiques
Auteur principal: Wickert, Jonathan A.
Format: Livre
Langue:Undetermined
Publié: Mason, OH Cengage Learning 2012
Sujets:
Tags: Ajouter un tag
Pas de tags, Soyez le premier à ajouter un tag!
Thư viện lưu trữ: Trung tâm Học liệu Trường Đại học Cần Thơ
LEADER 01220nam a2200229Ia 4500
001 CTU_187887
008 210402s9999 xx 000 0 und d
020 |c 3288000 
082 |a 621 
082 |b W636 
100 |a Wickert, Jonathan A. 
245 3 |a An introduction to mechanical engineering 
245 0 |c Jonathan Wicket, Kemper Lewis ; SI edition prepared by Shaligram Tiwari 
260 |a Mason, OH 
260 |b Cengage Learning 
260 |c 2012 
520 |a AN INTRODUCTION TO MECHANICAL ENGINEERING introduces students to the ever-emerging field of mechanical engineering, giving an appreciation for how engineers design the hardware that builds and improves societies all around the world. Intended for students in their first or second year of a typical college or university program in mechanical engineering or a closely related field, the text balances the treatments of technical problem-solving skills, design, engineering analysis, and modern technology. 
526 |a Công nghệ và thiết bị tạo phôi 
526 |b CN390 
650 |a Mechanical engineering,Kỹ thuật cơ khí 
910 |a le cam van,Hải 
980 |a Trung tâm Học liệu Trường Đại học Cần Thơ